Balada española / (Record no. 63629)

MARC details
000 -LEADER
campo de control de longitud fija 00512nam a2200169 i 4500
001 - NÚMERO DE CONTROL
campo de control 63629
003 - IDENTIFICADOR DE NÚMERO DE CONTROL
campo de control ES-MaACL
005 - FECHA Y HORA DE LA ÚLTIMA TRANSACCIÓN
campo de control 20230906164929.0
007 - CAMPO FIJO DE DESCRIPCIÓN FÍSICA--INFORMACIÓN GENERAL
campo de control de longitud fija t|
008 - DATOS DE LONGITUD FIJA--INFORMACIÓN GENERAL
campo de control de longitud fija 031215s1957 sp ||||1| spa d
100 1# - ENTRADA PRINCIPAL--NOMBRE DE PERSONA
Nombre de persona Feuchtwanger, Lion.
9 (RLIN) 50633
245 10 - MENCIÓN DEL TÍTULO
Título Balada española /
Mención de responsabilidad, etc. Lion Feuchtwanger ; [versión española de Vicente de Artadi].
260 ## - PUBLICACIÓN, DISTRIBUCIÓN, ETC.
Lugar de publicación, distribución, etc. Barcelona :
Nombre del editor, distribuidor, etc. Exito,
Fecha de publicación, distribución, etc. [1957] (
Fabricante Duplex)
300 ## - DESCRIPCIÓN FÍSICA
Extensión 338 p. ;
Dimensiones 20 cm.
700 1# - ENTRADA AGREGADA--NOMBRE PERSONAL
Nombre de persona Artadi, Vicente de.
9 (RLIN) 23414
852 ## - LOCALIZACIÓN
Ubicación ES-MaACL
Número de control de estantería C-12205
Sublocalización o colección R.40124
Holdings
Estatus retirado Estado de pérdida Estado de daño No para préstamo Biblioteca de origen Biblioteca actual Ubicación en estantería Fecha de adquisición Fuente de adquisición Total de préstamos Signatura topográfica completa Código de barras Visto por última vez Precio de reemplazo Tipo de ítem Koha
        Biblioteca del Ateneo de Madrid Biblioteca del Ateneo de Madrid Sala Palomar 17/01/2008     C-12205 1066689 23/02/2023 23/02/2023 Libro impreso